Hyperpressios Patella Syndroma serdülőknél [absztrakt] /

Elmentve itt :
Bibliográfiai részletek
Szerző: Sohár Gellért
Testületi szerző: Szent-Györgyi Albert Orvostudományi Egyetem : Házi Tudományos Diákköri Konferencia
Dokumentumtípus: Könyv része
Megjelent: Szent-Györgyi Albert Orvostudományi Egyetem Szeged 1999
Sorozat:Szent-Györgyi Albert Orvostudományi Egyetem : Házi Tudományos Diákköri Konferencia
Kulcsszavak:Ortopédia - gyermekkor - előadáskivonat
Tárgyszavak:
Online Access:http://acta.bibl.u-szeged.hu/88531
LEADER 00924naa a2200193 i 4500
001 acta88531
005 20250911154431.0
008 250911s1999 hu o 100 hun d
040 |a SZTE Egyetemi Kiadványok Repozitórium  |b hun 
041 |a hun 
100 1 |a Sohár Gellért 
245 1 0 |a Hyperpressios Patella Syndroma serdülőknél   |h [elektronikus dokumentum] :  |b [absztrakt] /  |c  Sohár Gellért 
260 |a Szent-Györgyi Albert Orvostudományi Egyetem  |b Szeged  |c 1999 
490 0 |a Szent-Györgyi Albert Orvostudományi Egyetem : Házi Tudományos Diákköri Konferencia 
650 4 |a Orvos- és egészségtudomány 
650 4 |a Klinikai orvostan 
695 |a Ortopédia - gyermekkor - előadáskivonat 
711 |a Szent-Györgyi Albert Orvostudományi Egyetem : Házi Tudományos Diákköri Konferencia  |c Szeged  |d 1999. február 18-20. 
856 4 0 |u http://acta.bibl.u-szeged.hu/88531/1/szote_htdk_1999_061.pdf  |z Dokumentum-elérés